Названия всех мировых валют - Statistics

General Stats
  • This quiz has been taken 51 times
  • The average score is 154 of 244
Answer Stats
Страна/территория Валюта % Correct
Австралия | Кирибати | Кокосовые острова | +5 others австралийский доллар
100%
Австрия | Аландские острова | Андорра | +27 others евро
100%
Американские Виргинские острова | Американское Самоа | Бермуды | +16 others доллар США
100%
Ангилья | Антигуа и Барбуда | Гренада | +5 others восточно-карибский доллар
100%
Багамы багамский доллар
100%
Барбадос барбадосский доллар
100%
Белиз белизский доллар
100%
Бермуды бермудский доллар
100%
Бруней брунейский доллар
100%
Гайана гайанский доллар
100%
Гонконг гонконгский доллар
100%
Зимбабве доллар Зимбабве
100%
Каймановы острова доллар островов Кайман
100%
Канада канадский доллар
100%
Либерия либерийский доллар
100%
Намибия доллар Намибии
100%
Ниуэ | Новая Зеландия | Острова Кука | +2 others новозеландский доллар
100%
Сингапур сингапурский доллар
100%
Соломоновы Острова доллар Соломоновых Островов
100%
Суринам суринамский доллар
100%
Тринидад и Тобаго доллар Тринидада и Тобаго
100%
Фиджи доллар Фиджи
100%
Ямайка ямайский доллар
100%
Белоруссия белорусский рубль
94%
Россия российский рубль
94%
Великобритания | Гернси | Джерси | Мэн фунт стерлингов
77%
Гибралтар гибралтарский фунт
77%
Египет египетский фунт
77%
Ливан ливанский фунт
77%
Остров Вознесения | Остров Святой Елены | Тристан-да-Кунья фунт Святой Елены
77%
Сирия сирийский фунт
77%
Судан суданский фунт
77%
Фолклендские острова фунт Фолклендских островов
77%
Южный Судан южносуданский фунт
77%
Аргентина аргентинское песо
71%
Доминиканская Республика доминиканское песо
71%
Казахстан тенге
71%
Колумбия колумбийское песо
71%
Куба кубинское песо
71%
Мексика мексиканское песо
71%
Уругвай уругвайское песо
71%
Филиппины филиппинское песо
71%
Чили чилийское песо
71%
Алжир алжирский динар
66%
Бахрейн бахрейнский динар
66%
Иордания иорданский динар
66%
Ирак иракский динар
66%
Китай юань
66%
Кувейт кувейтский динар
66%
Ливия ливийский динар
66%
Сербия сербский динар
66%
Тунис тунисский динар
66%
Турция турецкая лира
66%
Украина гривна
66%
Бурунди бурундийский франк
60%
Гвинея гвинейский франк
60%
Джибути франк Джибути
60%
ДР Конго конголезский франк
60%
Коморы франк Комор
60%
Лихтенштейн | Швейцария швейцарский франк
60%
Новая Каледония | Уоллис и Футуна | Французская Полинезия франк КФП
60%
Руанда франк Руанды
60%
Бенин | Буркина-Фасо | Габон | +11 others франк КФА BCEAO
60%
Гренландия | Дания | Фарерские острова датская крона
57%
Исландия исландская крона
57%
Кыргызстан сом
57%
Норвегия | Шпицберген и Ян-Майен норвежская крона
57%
Чехия чешская крона
57%
Швеция шведская крона
57%
Грузия лари
54%
Босния и Герцеговина конвертируемая марка
49%
Индия индийская рупия
49%
Индонезия индонезийская рупия
49%
Маврикий маврикийская рупия
49%
Монголия тугрик
49%
Непал непальская рупия
49%
Пакистан пакистанская рупия
49%
Польша злотый
49%
Сейшельские Острова сейшельская рупия
49%
Узбекистан узбекский сум
49%
Шри-Ланка шри-ланкийская рупия
49%
Япония иена
49%
Армения армянский драм
43%
Болгария болгарский лев
43%
Бразилия бразильский реал
43%
Израиль шекель
43%
КНДР северокорейская вона
43%
Республика Корея вона
43%
Таиланд бат
43%
Азербайджан азербайджанский манат
40%
Иран иранский риал
40%
Йемен йеменский риал
40%
Катар катарский риал
40%
Молдавия молдавский лей
40%
Оман оманский риал
40%
Румыния новый румынский лей
40%
Туркменистан туркменский манат
40%
Венесуэла боливар
34%
Албания лек
29%
Венгрия форинт
29%
Кения кенийский шиллинг
29%
Сомали сомалийский шиллинг
29%
Танзания танзанийский шиллинг
29%
Уганда угандийский шиллинг
29%
Вьетнам донг
26%
Западная Сахара | Марокко марокканский дирхам
26%
ОАЭ дирхам ОАЭ
26%
Таджикистан сомони
23%
Афганистан афгани
20%
Вануату вату
17%
Саудовская Аравия саудовский риял
17%
Северная Македония денар
17%
ЮАР рэнд
17%
Боливия боливиано
14%
Перу новый соль
14%
Ангола кванза
11%
Аруба арубанский флорин
11%
Бангладеш така
11%
Ботсвана пула
11%
Замбия замбийская квача
11%
Камбоджа риель
11%
Малави квача
11%
Бутан нгултрум
9%
Гаити гурд
9%
Коста-Рика костариканский колон
9%
Лаос кип
9%
Мавритания угия
9%
Мадагаскар малагасийский ариари
9%
Сальвадор сальвадорский колон
9%
Гана ганский седи
6%
Гватемала кетсаль
6%
Гондурас лемпира
6%
Кюрасао | Синт-Мартен нидерландский антильский гульден
6%
Лесото лоти
6%
Малайзия малайзийский ринггит
6%
Мальдивы руфия
6%
Мозамбик мозамбикский метикал
6%
Мьянма кьят
6%
Панама бальбоа
6%
Парагвай гуарани
6%
Самоа тала
6%
Сан-Томе и Принсипи добра
6%
Сьерра-Леоне леоне
6%
Тонга паанга
6%
Эритрея накфа
6%
Эфиопия эфиопский быр
6%
Гамбия даласи
3%
Кабо-Верде эскудо Кабо-Верде
3%
Макао патака
3%
Нигерия найра
3%
Никарагуа золотая кордоба
3%
Папуа – Новая Гвинея кина
3%
Эсватини лилангени
0%
No matching quizzes found
Score Distribution
Percent of People with Each Score
Percentile by Number Answered
Your Score History
You have not taken this quiz